01126nam a2200289 a 450000100100000000500170001000800410002702000150006802000180008304000250010108200180012610000240014424501300016824600590029826000350035730000280039249000310042050000210045150000540047250400620052653400910058865000390067965000370071865000220075570000280077783000310080500000179120250702123722.0090629s2006 es a 001 0 spa d a8484321843 a9788484321842 aDO-SdBNPbspacBNPHU a153.43bD155e1 aDamasio, Antonio R.13aEl error de Descartes :bla emoción, la razón y el cerebro humano /cAntonio R. Damasio ; traducción Joandoménec Ros.1 aDescarte's error : emotion, reason and the human brain aBarcelona :bCrítica,c2006. a344 p. :bil. ;c19 cm.1 aBiblioteca de bolsillov65 aIncluye índice aLa biblioteca posee la cuarta impresión de 2006 aIncluye notas y referencias bibliográficas (p. 305-327) pTítulo original en inglés:tDescarte's error : emotion, reason and the human brain 4aEmocionesxAspectos psicológicos 4aRazónxAspectos psicológicos 0aNeuropsicología1 aRos, Joandoménecetr. 0aBiblioteca de bolsillov65